Countries of Greater Syria on a Map - Statistics

General Stats
  • This quiz has been taken 72 times
  • The average score is 11 of 11
Answers on the Map
Answers color-coded by a green-red scale on the quiz's map according to % correct below.
 
Answer Stats
Country % Correct
Cyprus
100%
Iran
100%
Iraq
100%
Israel
100%
Jordan
100%
Saudi Arabia
100%
Egypt
98%
Lebanon
98%
Syria
98%
Turkey
98%
Kuwait
97%
No matching quizzes found
Score Distribution
Percent of People with Each Score
Percentile by Number Answered
Your Score History
You have not taken this quiz